000
00225nam a22000977a 4500
999
_c
519855
_d
519855
082
_a
TNC A6x5444 Ch114
100
_a
Chenoy, Shama mitra
_9
31083
245
_a
Shahjahabad
260
_a
New Delhi
_b
Nehru Memorial
300
_a
53p.